Calciatori in attività con più Gol in Serie A - Statistics

Statistiche generali
  • Questo quiz è stato fatto 399 volte
    175 dall'ultimo reset
  • Il punteggio medio è 9 su 10
Statistiche sulle risposte
Gol Anni in Serie A Nazione Squadre (gol) Calciatore % Corretto
115 2018- Argentina 115 Inter Lautaro Martínez
100%
129 2012-2013, 2014- Argentina 16 Palermo, 82 Juventus, 31 Roma Paulo Dybala
97%
84 2019-2021, 2022- Belgio 57 Inter, 13 Roma, 14 Napoli Romelu Lukaku
97%
87 2018- Serbia 44 Fiorentina, 43 Juventus Dušan Vlahović
96%
55 2019- Portogallo 55 Milan Rafael Leão
94%
124 2013- Colombia 11 Napoli, 18 Udinese, 11 Sampdoria, 69 Atalanta, 15 Torino Duván Zapata
92%
65 2017- Italia 65 Bologna Riccardo Orsolini
84%
72 2016- Argentina Genoa (12); Fiorentina (20); Cagliari (18); Hellas Verona (17); Napoli (5) Giovanni Simeone
74%
66 2014-2022, 2023- Italia 1 Sassuolo, 23 Genoa, 42 Cagliari Leonardo Pavoletti
70%
72 2008-2010, 2011-2019, 2020- Italia 21 Milan, 51 Roma Stephan El Shaarawy
68%
Nessun quiz corrispondente trovato
Distribuzione punteggi
Percentuale di utenti per punteggio
Percentile per numero di risposta
I tuoi punteggi nel tempo
Non hai fatto questo quiz dall'ultimo reset